| 000 | 006030000a22001690004500 | ||
|---|---|---|---|
| 041 | 0 | _aENG | |
| 082 | 0 | 4 | _aG 268.401 A5176r |
| 245 | 1 | 0 | _aThe invitation to the feast of life : Resources for spiritual formation in theological education / Samuel Amirtham & Robin Pryor, Editores |
| 260 | _aWorld Council of Churches | ||
| 300 | _a249 Pag | ||
| 650 | 1 | 4 | _aFORMACION ESPIRITUAL - CONGRESOS \ ESPIRITUALIDAD - CONGRESOS \ TEOLOGIA - ENSEÑANZA - CONGRESOS |
| 001 | 3483 | ||
| 942 | _cBK | ||
| 999 |
_c34147 _d34147 |
||
| 336 |
_atexto _btxt _2rdacontent |
||
| 337 |
_2rdamedia _asin mediación _bn |
||
| 338 |
_2rdacarrier _avolumen _bnc |
||